| 000 | 00724nam a22002057a 4500 | ||
|---|---|---|---|
| 999 |
_c17868 _d17868 |
||
| 003 | AR-CdUCM | ||
| 008 | 190510b ||||| |||| 00| 0 spa d | ||
| 040 |
_aMUNICIPALIDAD PROVINCIAL DEL CUSCO _cBIBLIOTECA MUNICIPAL DEL CUSCO |
||
| 082 |
_a985.01 / _bM27 |
||
| 100 |
_aMason, John Alden _915103 |
||
| 245 | _aThe ancient civilizations of Peru / | ||
| 260 |
_aHarmondsworth, Middlesex : _bPenguin Books, _c1957. |
||
| 300 |
_a329 páginas ; _bIlustraciones, _c19 cm. |
||
| 505 | _aContenido: The background -- The history of peruvian culture -- The Inca -- Arts and crafts. | ||
| 650 |
_aPerú _935 |
||
| 650 |
_aHistoria _9136 |
||
| 650 |
_aÉpoca Prehispánica _92714 |
||
| 942 |
_2ddc _cLIBROS |
||
| 945 |
_aacv _d2019-05-10 |
||